[Event "AUT-ch Open 2020"]
[Site "Graz"]
[Date "2020.02.15"]
[Round "2.11"]
[White "Stukan, Martin"]
[Black "Strukova, Ksenia"]
[Result "1-0"]
[WhiteElo "2292"]
[BlackElo "2043"]
[Annotator "ChessBase"]
[PlyCount "97"]
[EventDate "2020.02.14"]
[EventType "swiss"]
[EventCountry "AUT"]
[SourceTitle "playchess.com"]
[Source "ChessBase"]
[SourceQuality "1"]
[TimeControl "40/5400+30:1800+30"]

1. g3 {[%emt 0:00:00]} g6 {[%emt 0:00:00]} 2. Bg2 {[%emt 0:00:00]} Bg7 {[%emt 0:00:00]} 3. c4 {[%emt 0:00:00]} Nf6 {[%emt 0:00:44]} 4. Nc3 {[%emt 0:00:26]} d6 {[%emt 0:00:18]} 5. d4 {[%emt 0:02:27]} O-O {[%emt 0:00:10]} 6. Nf3 {[%emt 0:00:02]} Nbd7 {[%emt 0:00:09]} 7. O-O {[%emt 0:00:10]} e5 {[%emt 0:00:09]} 8. e4 {[%emt 0:00:04]} a6 {[%emt 0:04:22]} 9. b3 {[%emt 0:11:28]} exd4 {[%emt 0:11:18]} 10. Nxd4 {[%emt 0:00:05]} c5 {[%emt 0:05:46]} 11. Nde2 {[%emt 0:02:50]} Ne5 {[%emt 0:00:59]} 12. Bb2 {[%emt 0:02:09]} Rb8 {[%emt 0:02:26]} 13. Qd2 {[%emt 0:11:18]} Qc7 {[%emt 0:10:41]} 14. Rad1 {[%emt 0:03:19]} Rd8 {[%emt 0:06:21]} 15. f4 {[%emt 0:01:41]} Nc6 {[%emt 0:02:08]} 16. Nd5 {[%emt 0:00:58]} Nxd5 {[%emt 0:03:08]} 17. cxd5 {[%emt 0:00:05]} Ne7 {[%emt 0:04:56]} 18. f5 {[%emt 0:00:51]} Bxb2 {[%emt 0:14:24]} 19. Qxb2 {[%emt 0:00:05]} Bxf5 {[%emt 0:00:58]} 20. exf5 {[%emt 0:06:10]} Nxf5 {[%emt 0:00:07]} 21. Bh3 {[%emt 0:02:14]} Ng7 {[%emt 0:06:27]} 22. Nc3 {[%emt 0:02:00]} Re8 {[%emt 0:01:34]} 23. Rde1 {[%emt 0:00:13]} f5 {[%emt 0:01:27]} 24. g4 {[%emt 0:07:15]} Rxe1 {[%emt 0:00:31]} 25. Rxe1 {[%emt 0:00:04]} Qf7 {[%emt 0:00:13]} 26. Qf2 {[%emt 0:04:20]} b5 {[%emt 0:04:24]} 27. Ne2 {[%emt 0:05:26]} Re8 {[%emt 0:01:40]} 28. gxf5 {[%emt 0:01:09]} Qxd5 {[%emt 0:05:24]} 29. fxg6 {[%emt 0:02:15]} hxg6 {[%emt 0:00:27]} 30. Rf1 {[%emt 0:01:53]} Qd2 {[%emt 0:03:25]} 31. Nf4 {[%emt 0:01:48]} Qxf2+ {[%emt 0:02:13]} 32. Kxf2 {[%emt 0:01:38]} g5 {[%emt 0:01:07]} 33. Nd5 {[%emt 0:00:32]} Rf8+ {[%emt 0:01:04]} 34. Ke3 {[%emt 0:01:23]} Rxf1 {[%emt 0:00:06]} 35. Bxf1 {[%emt 0:00:03]} Ne6 {[%emt 0:01:04]} 36. Ke4 {[%emt 0:00:11]} Kf7 {[%emt 0:00:23]} 37. Kf5 {[%emt 0:01:15]} a5 {[%emt 0:00:21]} 38. Nc3 {[%emt 0:01:52]} c4 {[%emt 0:03:28]} 39. Nxb5 {[%emt 0:00:33]} Ng7+ {[%emt 0:01:35]} 40. Kxg5 {[%emt 0:00:09]} cxb3 {[%emt 0:00:06]} 41. Bc4+ {[%emt 0:30:12]} Ke7 {[%emt 0:30:05]} 42. axb3 {[%emt 0:00:05]} Ne8 {[%emt 0:00:14]} 43. h4 {[%emt 0:00:09]} Nf6 {[%emt 0:00:08]} 44. h5 {[%emt 0:00:06]} d5 {[%emt 0:00:31]} 45. Bd3 {[%emt 0:00:05]} Nxh5 {[%emt 0:00:49]} 46. Kxh5 {[%emt 0:00:05]} Kd7 {[%emt 0:00:03]} 47. Nc3 {[%emt 0:00:39]} Kd6 {[%emt 0:00:29]} 48. Nxd5 {[%emt 0:00:18]} Kxd5 {[%emt 0:00:04]} 49. Bb5 {[%emt 0:00:04]} 1-0

[Event "AUT-ch Open 2020"]
[Site "Graz"]
[Date "2020.02.15"]
[Round "2.12"]
[White "Burmakin, Vladimir"]
[Black "Mis, Mieszko"]
[Result "1-0"]
[WhiteElo "2514"]
[BlackElo "2514"]
[Annotator "TA"]
[PlyCount "67"]
[EventDate "2020.02.14"]
[EventType "swiss"]
[EventCountry "AUT"]
[SourceTitle "playchess.com"]
[Source "ChessBase"]
[SourceQuality "1"]

{[%evp 17,67,0,0,0,0,0,0,0,0,-9,-2,0,0,0,0,0,0,-90,0,0,0,12,143,133,136,127,127,131,276,270,358,337,337,320,331,281,275,255,447,294,529,382,723,712,1345,1345,1343,1320,1270,1203,1175,1142]} 1. Nf3 Nf6 2. b3 e6 3. Bb2 d5 4. e3 Be7 5. c4 O-O 6. Be2 dxc4 7. bxc4 c5 8. O-O b6 9. Nc3 Bb7 10. Qc2 {A13: English Opening: 1...e6.} Nc6 11. a3 Rc8 12. Rfd1 {[#] The position is equal.} Qd6 $146 ({Predecessor:} 12... Qc7 13. Rab1 Rfd8 14. Ba1 Qb8 15. h3 h6 16. d3 Rd7 17. Rd2 Qa8 18. Rbd1 Rcd8 19. Bb2 Re8 20. Bf1 Rdd8 21. Be2 {½-½ (21) Dorfman,J (2602)-Skripchenko,A (2494) Germany 2002}) 13. Rac1 Rfd8 14. Nb5 Qb8 15. Ng5 $36 {[%mdl 2048] White is pushing.} h6 16. Bxf6 $1 {White threatens Qh7+ and mate.} Bxf6 17. Qh7+ Kf8 18. Ne4 Ke7 {aiming for ...Rh8.} 19. Nxf6 gxf6 {[#]} (19... Kxf6 $11 20. f4 Ne7) 20. d4 $1 $16 {Strongly threatening Bh5.} (20. Qxh6 Rh8 $15) 20... Rh8 21. Qb1 Rcd8 22. d5 Ne5 {This move loses the game for Black.} (22... Na5 $16) 23. f4 $18 a6 24. fxe5 axb5 25. exf6+ (25. Qxb5 Qxe5 26. Qxb6 Qxe3+ 27. Kh1 Qxe2 $18) 25... Kxf6 26. Qb2+ Ke7 {[%cal Re6d5]} 27. Rf1 ({Don't take} 27. Qxb5 $6 Rhg8 $18) 27... Qd6 $2 (27... e5 28. Qxb5 Rd6) 28. e4 {Black must now prevent Qg7!} bxc4 $2 (28... e5 29. Qxb5 h5) 29. Bxc4 exd5 $2 (29... e5 30. Rb1 (30. Qf2 f6 $18) 30... Bc8 31. Qxb6 (31. Qf2 Rdf8 $16) 31... Qxb6 32. Rxb6 Rh7) 30. exd5 {White is clearly winning.} Rde8 {[#]} 31. Rf6 $1 {[%mdl 512]} Qxf6 32. Re1+ Kd7 33. Qxf6 {Bb5+ would kill now.} Rxe1+ 34. Kf2 {Accuracy: White = 82%, Black = 42%.} 1-0

[Event "AUT-ch Open 2020"]
[Site "Graz"]
[Date "2020.02.15"]
[Round "2.12"]
[White "Mayrhuber, Tobias"]
[Black "Matt, Fabian"]
[Result "0-1"]
[WhiteElo "2028"]
[BlackElo "2290"]
[Annotator "ChessBase"]
[PlyCount "88"]
[EventDate "2020.02.14"]
[EventType "swiss"]
[EventCountry "AUT"]
[SourceTitle "playchess.com"]
[Source "ChessBase"]
[SourceQuality "1"]
[TimeControl "40/5400+30:1800+30"]

1. d4 {[%emt 0:00:00]} Nf6 {[%emt 0:00:00]} 2. Bf4 {[%emt 0:00:00]} g6 {[%emt 0:00:05]} 3. Nf3 {[%emt 0:00:18]} Bg7 {[%emt 0:00:13]} 4. h3 {[%emt 0:00:08]} b6 {[%emt 0:02:00]} 5. e3 {[%emt 0:00:12]} Bb7 {[%emt 0:00:05]} 6. Nbd2 {[%emt 0:01:16]} O-O {[%emt 0:00:35]} 7. Bd3 {[%emt 0:01:59]} d6 {[%emt 0:00:40]} 8. O-O {[%emt 0:00:42]} Nbd7 {[%emt 0:00:20]} 9. e4 {[%emt 0:03:15]} Re8 {[%emt 0:07:36]} 10. Re1 {[%emt 0:08:43]} e5 {[%emt 0:00:54]} 11. dxe5 {[%emt 0:02:42]} Nxe5 {[%emt 0:03:31]} 12. Nxe5 {[%emt 0:00:33]} dxe5 {[%emt 0:00:06]} 13. Bg5 {[%emt 0:06:28]} h6 {[%emt 0:08:26]} 14. Bxf6 {[%emt 0:06:55]} Qxf6 {[%emt 0:00:30]} 15. Nf1 {[%emt 0:00:49]} Bf8 {[%emt 0:00:45]} 16. Qd2 {[%emt 0:07:49]} Rad8 {[%emt 0:01:41]} 17. Ne3 {[%emt 0:08:49]} h5 {[%emt 0:01:37]} 18. Qc3 {[%emt 0:02:59]} Re7 {[%emt 0:03:39]} 19. a4 {[%emt 0:06:15]} a5 {[%emt 0:01:06]} 20. b4 {[%emt 0:01:09]} axb4 {[%emt 0:00:58]} 21. Qxb4 {[%emt 0:00:06]} Rd4 {[%emt 0:00:11]} 22. Qb3 {[%emt 0:02:53]} Red7 {[%emt 0:10:34]} 23. a5 {[%emt 0:02:11]} Rb4 {[%emt 0:00:08]} 24. Qc3 {[%emt 0:01:54]} bxa5 {[%emt 0:00:22]} 25. Rxa5 {[%emt 0:04:52]} Bxe4 {[%emt 0:00:53]} 26. Rxe5 {[%emt 0:01:19]} Bxd3 {[%emt 0:28:12]} 27. cxd3 {[%emt 0:01:07]} Rf4 {[%emt 0:00:30]} 28. Nd1 {[%emt 0:02:34]} Bb4 {[%emt 0:05:15]} 29. Re8+ {[%emt 0:00:19]} Kg7 {[%emt 0:00:05]} 30. Qxf6+ {[%emt 0:00:08]} Kxf6 {[%emt 0:00:08]} 31. R1e3 {[%emt 0:00:42]} Bc5 {[%emt 0:00:30]} 32. d4 {[%emt 0:04:32]} Bxd4 {[%emt 0:02:56]} 33. Rd3 {[%emt 0:03:49]} c5 {[%emt 0:00:24]} 34. Ne3 {[%emt 0:04:00]} Kg7 {[%emt 0:05:13]} 35. g3 {[%emt 0:07:14]} Rf6 {[%emt 0:00:56]} 36. Rc8 {[%emt 0:00:25]} Ra7 {[%emt 0:00:25]} 37. Rd2 {[%emt 0:03:24]} Ra3 {[%emt 0:00:26]} 38. Kh2 {[%emt 0:02:17]} Rf3 {[%emt 0:01:04]} 39. h4 {[%emt 0:02:11]} Bxe3 {[%emt 0:00:32]} 40. fxe3 {[%emt 0:00:05]} Raxe3 {[%emt 0:00:29]} 41. Rxc5 {[%emt 0:30:26]} Rxg3 {[%emt 0:30:07]} 42. Rd4 {[%emt 0:02:55]} Rh3+ {[%emt 0:00:26]} 43. Kg2 {[%emt 0:00:10]} Reg3+ {[%emt 0:00:09]} 44. Kf2 {[%emt 0:00:08]} Rg4 {[%emt 0:00:09]} 0-1

[Event "AUT-ch Open 2020"]
[Site "Graz"]
[Date "2020.02.15"]
[Round "2.13"]
[White "Rathnakaran, K.."]
[Black "Livaic, Leon"]
[Result "0-1"]
[WhiteElo "2334"]
[BlackElo "2492"]
[Annotator "ChessBase"]
[PlyCount "88"]
[EventDate "2020.02.14"]
[EventType "swiss"]
[EventCountry "AUT"]
[SourceTitle "playchess.com"]
[Source "ChessBase"]
[SourceQuality "1"]
[TimeControl "40/5400+30:1800+30"]

1. e4 {[%emt 0:00:00]} e5 {[%emt 0:00:04]} 2. Nf3 {[%emt 0:00:00]} Nc6 {[%emt 0:00:08]} 3. Bc4 {[%emt 0:00:04]} Bc5 {[%emt 0:00:09]} 4. c3 {[%emt 0:00:06]} Nf6 {[%emt 0:00:05]} 5. d3 {[%emt 0:00:08]} d6 {[%emt 0:00:38]} 6. Bb3 {[%emt 0:00:06]} a5 {[%emt 0:02:01]} 7. Bg5 {[%emt 0:00:15]} h6 {[%emt 0:02:04]} 8. Bh4 {[%emt 0:00:06]} Be6 {[%emt 0:04:53]} 9. Ba4 {[%emt 0:00:16]} g5 {[%emt 0:04:50]} 10. Bg3 {[%emt 0:00:05]} O-O {[%emt 0:03:01]} 11. a3 {[%emt 0:01:41]} Ba7 {[%emt 0:02:13]} 12. Nbd2 {[%emt 0:00:11]} Ne7 {[%emt 0:04:06]} 13. h4 {[%emt 0:01:46]} g4 {[%emt 0:00:14]} 14. Nh2 {[%emt 0:00:08]} Ng6 {[%emt 0:06:00]} 15. Ndf1 {[%emt 0:00:32]} Nf4 {[%emt 0:07:49]} 16. Ne3 {[%emt 0:01:34]} Bxe3 {[%emt 0:24:08]} 17. fxe3 {[%emt 0:00:07]} N4h5 {[%emt 0:00:02]} 18. Nf1 {[%emt 0:00:08]} c6 {[%emt 0:00:45]} 19. Qd2 {[%emt 0:00:38]} Nd7 {[%emt 0:01:16]} 20. Bf2 {[%emt 0:03:01]} f5 {[%emt 0:11:19]} 21. exf5 {[%emt 0:00:07]} Rxf5 {[%emt 0:00:03]} 22. Ng3 {[%emt 0:00:22]} Nxg3 {[%emt 0:00:04]} 23. Bxg3 {[%emt 0:00:06]} Qe7 {[%emt 0:03:20]} 24. e4 {[%emt 0:01:50]} Rf6 {[%emt 0:00:05]} 25. h5 {[%emt 0:00:05]} Qg7 {[%emt 0:01:02]} 26. Bc2 {[%emt 0:04:50]} Raf8 {[%emt 0:01:05]} 27. b4 {[%emt 0:00:27]} axb4 {[%emt 0:01:13]} 28. axb4 {[%emt 0:00:11]} d5 {[%emt 0:08:12]} 29. Qe3 {[%emt 0:07:17]} dxe4 {[%emt 0:00:48]} 30. dxe4 {[%emt 0:00:08]} Bc4 {[%emt 0:02:54]} 31. O-O-O {[%emt 0:01:02]} c5 {[%emt 0:01:29]} 32. bxc5 {[%emt 0:02:09]} Ra6 {[%emt 0:00:13]} 33. Rd6 {[%emt 0:00:43]} Ra1+ {[%emt 0:03:46]} 34. Bb1 {[%emt 0:00:55]} Nf6 {[%emt 0:03:44]} 35. Bxe5 {[%emt 0:03:50]} Ba2 {[%emt 0:00:15]} 36. Kb2 {[%emt 0:02:47]} Rxb1+ {[%emt 0:02:39]} 37. Rxb1 {[%emt 0:00:07]} Qf7 {[%emt 0:00:13]} 38. Rb6 {[%emt 0:00:09]} Bxb1 {[%emt 0:00:13]} 39. Kxb1 {[%emt 0:00:08]} Ra8 {[%emt 0:01:45]} 40. Bxf6 {[%emt 0:04:38]} Qa2+ {[%emt 0:00:05]} 41. Kc1 {[%emt 0:30:18]} Qxg2 {[%emt 0:04:14]} 42. Bh4 {[%emt 0:00:00]} Ra1+ {[%emt 0:03:43]} 43. Rb1 {[%emt 0:00:00]} Ra2 {[%emt 0:00:20]} 44. Bf2 {[%emt 0:00:00]} Rxf2 {[%emt 0:00:23]} 0-1

[Event "AUT-ch Open 2020"]
[Site "Graz"]
[Date "2020.02.15"]
[Round "2.13"]
[White "Welling, Gerard"]
[Black "Lupolov, Boris"]
[Result "1/2-1/2"]
[WhiteElo "2286"]
[BlackElo "1973"]
[Annotator "ChessBase"]
[PlyCount "94"]
[EventDate "2020.02.14"]
[EventType "swiss"]
[EventCountry "AUT"]
[SourceTitle "playchess.com"]
[Source "ChessBase"]
[SourceQuality "1"]
[TimeControl "40/5400+30:1800+30"]

1. e4 {[%emt 0:00:00]} c6 {[%emt 0:01:35]} 2. f4 {[%emt 0:00:00]} d5 {[%emt 0:00:05]} 3. e5 {[%emt 0:00:00]} c5 {[%emt 0:01:03]} 4. c3 {[%emt 0:00:10]} Nc6 {[%emt 0:00:10]} 5. Na3 {[%emt 0:01:53]} Nh6 {[%emt 0:01:59]} 6. Nf3 {[%emt 0:00:21]} Bg4 {[%emt 0:06:14]} 7. h3 {[%emt 0:00:14]} Bxf3 {[%emt 0:00:19]} 8. Qxf3 {[%emt 0:00:03]} e6 {[%emt 0:00:19]} 9. Bb5 {[%emt 0:04:52]} Nf5 {[%emt 0:04:20]} 10. g4 {[%emt 0:06:41]} Nh4 {[%emt 0:14:49]} 11. Qf2 {[%emt 0:05:13]} Be7 {[%emt 0:01:21]} 12. O-O {[%emt 0:09:59]} h5 {[%emt 0:08:01]} 13. g5 {[%emt 0:10:30]} Nf5 {[%emt 0:03:59]} 14. Bd3 {[%emt 0:00:06]} g6 {[%emt 0:03:15]} 15. Bxf5 {[%emt 0:00:35]} exf5 {[%emt 0:06:22]} 16. Nc2 {[%emt 0:00:29]} Qd7 {[%emt 0:01:45]} 17. d4 {[%emt 0:00:27]} c4 {[%emt 0:06:21]} 18. b3 {[%emt 0:05:56]} b5 {[%emt 0:00:59]} 19. bxc4 {[%emt 0:01:38]} bxc4 {[%emt 0:00:08]} 20. Ba3 {[%emt 0:01:13]} Nd8 {[%emt 0:04:38]} 21. Bxe7 {[%emt 0:00:17]} Kxe7 {[%emt 0:00:09]} 22. Ne3 {[%emt 0:02:12]} Ne6 {[%emt 0:00:11]} 23. Rab1 {[%emt 0:01:00]} Rhb8 {[%emt 0:04:24]} 24. Qf3 {[%emt 0:05:11]} Nc7 {[%emt 0:00:48]} 25. Qg2 {[%emt 0:01:24]} Ke6 {[%emt 0:16:23]} 26. Qc2 {[%emt 0:01:20]} Rb6 {[%emt 0:02:15]} 27. Rb2 {[%emt 0:04:02]} Rab8 {[%emt 0:03:32]} 28. Rfb1 {[%emt 0:00:10]} Nb5 {[%emt 0:02:42]} 29. Qc1 {[%emt 0:01:51]} Qe7 {[%emt 0:02:56]} 30. a4 {[%emt 0:01:00]} Nc7 {[%emt 0:01:15]} 31. Rxb6+ {[%emt 0:01:01]} axb6 {[%emt 0:00:14]} 32. Kf2 {[%emt 0:01:21]} Qd7 {[%emt 0:01:33]} 33. Qa3 {[%emt 0:01:50]} Qe7 {[%emt 0:01:10]} 34. Qa2 {[%emt 0:00:17]} Kd7 {[%emt 0:00:28]} 35. Rb4 {[%emt 0:01:44]} Qe6 {[%emt 0:00:12]} 36. Qb1 {[%emt 0:03:02]} Qc6 {[%emt 0:00:22]} 37. h4 {[%emt 0:02:58]} Na6 {[%emt 0:00:56]} 38. Rb2 {[%emt 0:00:24]} Nc7 {[%emt 0:00:04]} 39. Kg3 {[%emt 0:00:31]} Rb7 {[%emt 0:01:07]} 40. Nc2 {[%emt 0:10:27]} Qxa4 {[%emt 0:00:51]} 41. Nb4 {[%emt 0:30:32]} Qa3 {[%emt 0:30:34]} 42. Qc2 {[%emt 0:01:06]} Ke6 {[%emt 0:00:00]} 43. Qd2 {[%emt 0:00:00]} Qa1 {[%emt 0:00:00]} 44. Kg2 {[%emt 0:00:00]} b5 {[%emt 0:00:00]} 45. Ra2 {[%emt 0:00:00]} Qb1 {[%emt 0:00:00]} 46. Qe3 {[%emt 0:00:00]} Qe4+ {[%emt 0:00:00]} 47. Qf3 {[%emt 0:00:00]} Ke7 {[%emt 0:00:00]} 1/2-1/2

[Event "AUT-ch Open 2020"]
[Site "Graz"]
[Date "2020.02.15"]
[Round "2.14"]
[White "Schoppen, Casper"]
[Black "Baum, Jonasz"]
[Result "1-0"]
[WhiteElo "2489"]
[BlackElo "2489"]
[Annotator "ChessBase"]
[PlyCount "149"]
[EventDate "2020.02.14"]
[EventType "swiss"]
[EventCountry "AUT"]
[SourceTitle "playchess.com"]
[Source "ChessBase"]
[SourceQuality "1"]
[TimeControl "40/5400+30:1800+30"]

1. d4 {[%emt 0:00:01]} Nf6 {[%emt 0:00:00]} 2. c4 {[%emt 0:00:15]} e6 {[%emt 0:00:00]} 3. Nf3 {[%emt 0:01:32]} b6 {[%emt 0:00:01]} 4. g3 {[%emt 0:00:17]} Bb7 {[%emt 0:00:05]} 5. Bg2 {[%emt 0:00:09]} Be7 {[%emt 0:00:05]} 6. O-O {[%emt 0:00:08]} O-O {[%emt 0:00:02]} 7. Re1 {[%emt 0:03:22]} d5 {[%emt 0:00:36]} 8. cxd5 {[%emt 0:00:24]} exd5 {[%emt 0:00:06]} 9. Nc3 {[%emt 0:00:36]} Nbd7 {[%emt 0:00:44]} 10. b3 {[%emt 0:03:59]} Ne4 {[%emt 0:02:42]} 11. Bb2 {[%emt 0:03:21]} Rc8 {[%emt 0:02:07]} 12. Nd2 {[%emt 0:04:47]} Ndf6 {[%emt 0:07:25]} 13. Qc2 {[%emt 0:18:37]} c5 {[%emt 0:27:57]} 14. Ncxe4 {[%emt 0:04:23]} dxe4 {[%emt 0:00:24]} 15. Nxe4 {[%emt 0:03:41]} cxd4 {[%emt 0:00:33]} 16. Qd3 {[%emt 0:00:25]} Nxe4 {[%emt 0:00:55]} 17. Bxe4 {[%emt 0:00:07]} Bxe4 {[%emt 0:00:06]} 18. Qxe4 {[%emt 0:00:05]} Bf6 {[%emt 0:11:44]} 19. Rad1 {[%emt 0:02:36]} Re8 {[%emt 0:00:32]} 20. Qd3 {[%emt 0:01:15]} h6 {[%emt 0:01:46]} 21. Rd2 {[%emt 0:08:49]} Bg5 {[%emt 0:11:43]} 22. Rdd1 {[%emt 0:00:58]} Bf6 {[%emt 0:00:13]} 23. a4 {[%emt 0:00:33]} Qe7 {[%emt 0:12:21]} 24. Bxd4 {[%emt 0:06:17]} Bxd4 {[%emt 0:00:10]} 25. Qxd4 {[%emt 0:00:05]} Rcd8 {[%emt 0:00:04]} 26. Qa1 {[%emt 0:01:42]} Rxd1 {[%emt 0:04:39]} 27. Qxd1 {[%emt 0:00:09]} Qb4 {[%emt 0:00:07]} 28. e3 {[%emt 0:01:57]} Rc8 {[%emt 0:01:26]} 29. Qb1 {[%emt 0:02:11]} g6 {[%emt 0:05:50]} 30. Rd1 {[%emt 0:01:46]} Rc3 {[%emt 0:01:34]} 31. Rd8+ {[%emt 0:03:15]} Kh7 {[%emt 0:00:09]} 32. Qd1 {[%emt 0:06:45]} Qe4 {[%emt 0:03:42]} 33. Rd7 {[%emt 0:06:47]} Qc6 {[%emt 0:00:53]} 34. Rxf7+ {[%emt 0:01:16]} Kg8 {[%emt 0:00:06]} 35. Qf3 {[%emt 0:00:46]} Qxf3 {[%emt 0:00:18]} 36. Rxf3 {[%emt 0:00:07]} Rxb3 {[%emt 0:00:09]} 37. Rf6 {[%emt 0:02:53]} Kg7 {[%emt 0:00:09]} 38. Rc6 {[%emt 0:00:20]} a5 {[%emt 0:00:21]} 39. h4 {[%emt 0:01:36]} Rb4 {[%emt 0:01:48]} 40. Kg2 {[%emt 0:02:33]} g5 {[%emt 0:01:01]} 41. hxg5 {[%emt 0:11:33]} hxg5 {[%emt 0:00:00]} 42. Kh3 {[%emt 0:01:19]} g4+ {[%emt 0:01:54]} 43. Kh4 {[%emt 0:00:26]} Rxa4 {[%emt 0:01:54]} 44. Rxb6 {[%emt 0:00:18]} Ra2 {[%emt 0:05:33]} 45. Ra6 {[%emt 0:00:52]} Rxf2 {[%emt 0:00:13]} 46. Rxa5 {[%emt 0:00:07]} Re2 {[%emt 0:00:06]} 47. Ra3 {[%emt 0:00:20]} Kf6 {[%emt 0:00:14]} 48. Kxg4 {[%emt 0:00:07]} Re1 {[%emt 0:00:37]} 49. Kf3 {[%emt 0:01:31]} Rf1+ {[%emt 0:00:14]} 50. Kg2 {[%emt 0:00:14]} Rb1 {[%emt 0:00:31]} 51. Ra5 {[%emt 0:00:41]} Rc1 {[%emt 0:00:10]} 52. g4 {[%emt 0:00:43]} Rb1 {[%emt 0:00:12]} 53. Rf5+ {[%emt 0:01:17]} Kg6 {[%emt 0:00:27]} 54. Ra5 {[%emt 0:08:54]} Kf6 {[%emt 0:03:42]} 55. Kf3 {[%emt 0:02:43]} Rf1+ {[%emt 0:00:43]} 56. Ke4 {[%emt 0:00:09]} Rg1 {[%emt 0:00:06]} 57. Rf5+ {[%emt 0:01:15]} Kg6 {[%emt 0:04:18]} 58. Kf4 {[%emt 0:00:44]} Rf1+ {[%emt 0:00:29]} 59. Ke5 {[%emt 0:00:10]} Rg1 {[%emt 0:00:08]} 60. g5 {[%emt 0:02:59]} Rb1 {[%emt 0:07:13]} 61. e4 {[%emt 0:00:51]} Ra1 {[%emt 0:01:15]} 62. Rf8 {[%emt 0:01:01]} Kxg5 {[%emt 0:00:20]} 63. Rg8+ {[%emt 0:00:07]} Kh6 {[%emt 0:00:48]} 64. Kf6 {[%emt 0:00:53]} Kh7 {[%emt 0:02:18]} 65. Rg2 {[%emt 0:00:17]} Rf1+ {[%emt 0:07:53]} 66. Ke6 {[%emt 0:00:24]} Ra1 {[%emt 0:00:35]} 67. e5 {[%emt 0:00:12]} Rd1 {[%emt 0:00:13]} 68. Kf6 {[%emt 0:00:24]} Rf1+ {[%emt 0:00:07]} 69. Ke7 {[%emt 0:00:04]} Rd1 {[%emt 0:00:05]} 70. e6 {[%emt 0:00:08]} Rd3 {[%emt 0:00:45]} 71. Ke8 {[%emt 0:00:45]} Rd1 {[%emt 0:02:38]} 72. e7 {[%emt 0:00:31]} Rd3 {[%emt 0:01:26]} 73. Rg4 {[%emt 0:00:09]} Kh6 {[%emt 0:01:40]} 74. Kf7 {[%emt 0:00:12]} Kh5 {[%emt 0:00:26]} 75. Re4 {[%emt 0:00:37]} 1-0

[Event "AUT-ch Open 2020"]
[Site "Graz"]
[Date "2020.02.15"]
[Round "2.15"]
[White "Diermair, Andreas"]
[Black "Manush Shah"]
[Result "1-0"]
[WhiteElo "2483"]
[BlackElo "2322"]
[Annotator "ChessBase"]
[PlyCount "99"]
[EventDate "2020.02.14"]
[EventType "swiss"]
[EventCountry "AUT"]
[SourceTitle "playchess.com"]
[Source "ChessBase"]
[SourceQuality "1"]
[TimeControl "40/5400+30:1800+30"]

1. d4 d5 {[%emt 0:00:23]} 2. Nf3 {[%emt 0:00:00]} Nf6 {[%emt 0:00:07]} 3. g3 {[%emt 0:00:07]} c6 {[%emt 0:00:28]} 4. Bg2 {[%emt 0:00:26]} Bg4 {[%emt 0:00:12]} 5. c4 {[%emt 0:00:37]} e6 {[%emt 0:00:38]} 6. O-O {[%emt 0:00:14]} Nbd7 {[%emt 0:00:18]} 7. h3 {[%emt 0:00:33]} Bh5 {[%emt 0:02:46]} 8. cxd5 {[%emt 0:00:36]} cxd5 {[%emt 0:03:32]} 9. Nc3 {[%emt 0:01:42]} Bd6 {[%emt 0:01:21]} 10. Qb3 {[%emt 0:18:45]} Qb6 {[%emt 0:06:39]} 11. Qxb6 {[%emt 0:00:59]} Nxb6 {[%emt 0:00:14]} 12. g4 {[%emt 0:00:46]} Bg6 {[%emt 0:00:36]} 13. Nb5 {[%emt 0:04:51]} Bb8 {[%emt 0:00:55]} 14. Ne5 {[%emt 0:00:36]} a6 {[%emt 0:00:27]} 15. Nc3 {[%emt 0:00:26]} Nfd7 {[%emt 0:06:14]} 16. Nxg6 {[%emt 0:02:10]} hxg6 {[%emt 0:00:03]} 17. b3 {[%emt 0:01:53]} O-O {[%emt 0:04:10]} 18. Ba3 {[%emt 0:02:09]} Rc8 {[%emt 0:05:22]} 19. Rac1 {[%emt 0:00:13]} Ba7 {[%emt 0:01:22]} 20. e4 {[%emt 0:07:56]} Nf6 {[%emt 0:08:57]} 21. Bc5 {[%emt 0:05:54]} Nfd7 {[%emt 0:04:18]} 22. exd5 {[%emt 0:18:52]} Nxc5 {[%emt 0:03:04]} 23. dxc5 {[%emt 0:00:09]} Nxd5 {[%emt 0:00:39]} 24. Nxd5 {[%emt 0:01:01]} exd5 {[%emt 0:00:10]} 25. b4 {[%emt 0:08:31]} Rc7 {[%emt 0:02:37]} 26. Rfd1 {[%emt 0:01:30]} Rd8 {[%emt 0:03:35]} 27. Rxd5 {[%emt 0:00:11]} Rxd5 {[%emt 0:00:31]} 28. Bxd5 {[%emt 0:00:02]} g5 {[%emt 0:02:01]} 29. Be4 {[%emt 0:04:28]} Kf8 {[%emt 0:09:45]} 30. Rd1 {[%emt 0:01:17]} Ke7 {[%emt 0:00:14]} 31. Kf1 {[%emt 0:01:24]} b6 {[%emt 0:08:21]} 32. c6 {[%emt 0:00:32]} b5 {[%emt 0:00:17]} 33. Bf5 {[%emt 0:08:27]} Bb6 {[%emt 0:02:06]} 34. Bd7 {[%emt 0:00:06]} Ra7 {[%emt 0:01:21]} 35. Rd5 {[%emt 0:00:11]} f6 {[%emt 0:00:26]} 36. Bc8 {[%emt 0:02:11]} Rc7 {[%emt 0:02:24]} 37. Bd7 {[%emt 0:00:34]} Ra7 {[%emt 0:01:06]} 38. a3 {[%emt 0:00:08]} Ra8 {[%emt 0:01:54]} 39. Kg2 {[%emt 0:03:05]} Bc7 {[%emt 0:03:03]} 40. Kf3 {[%emt 0:00:58]} Bd6 {[%emt 0:04:33]} 41. Ke4 {[%emt 0:33:49]} g6 {[%emt 0:33:08]} 42. Rd3 {[%emt 0:00:00]} Be5 {[%emt 0:00:00]} 43. Kd5 {[%emt 0:00:00]} Rd8 {[%emt 0:00:00]} 44. Re3 {[%emt 0:00:00]} Ra8 {[%emt 0:00:00]} 45. h4 {[%emt 0:00:00]} Kd8 {[%emt 0:00:00]} 46. Rxe5 {[%emt 0:00:00]} fxe5 {[%emt 0:00:00]} 47. Kd6 {[%emt 0:00:00]} Ra7 {[%emt 0:00:00]} 48. h5 {[%emt 0:00:00]} a5 {[%emt 0:00:00]} 49. hxg6 {[%emt 0:00:00]} axb4 {[%emt 0:00:00]} 50. g7 {[%emt 0:00:00]} 1-0